01503nam a2200157 a 4500008004100000020001800041041000800059100001800067245003300085250001100118260003600129300002200165500007200187505107100259655001501330180523e2007 ag |||gr|||| 000 1 sp d a9789502804439 aspa1 aRiesco, Nerea aArs mágica /cNerea Riesco a1a ed. aBuenos Aires:bGrijalbo;c2007. a448 p.c23x15 cm. aRiesco, N. (2007). Ars mágica. (1a ed.). Buenos Aires : Grijalbo. aEn 1610, en Logroño, han sido condenadas a la hoguera once personas acusadas de brujería. Sin embargo, amplias zonas del señorío de Vizcaya y Navarra siguen sufriendo la presencia del demonio y sus secuaces... Para tranquilizar al pueblo, el Santo Oficio envía a Alonso de Salazar y Frías, un inquisidor secretamente descreído: ha perdido la fe en Dios y no cree en el diablo ni en las brujas. Su historia se va a cruzar irremediablemente con la de la joven Mayo, que recorre los caminos vendiendo hechizos y ensalmos. A lo largo del viaje, ambos tendrán que enfrentarse a poderes perversos que sembrarán su paso de obstáculos, así como a la muerte de las personas que más aman en el mundo. Una trama apasionante que recupera la fuerza de la tradición mágica de nuestra cultura, en la que está implicada incluso la élite del poder político y religioso del Siglo de Oro, y que se basa en un episodio de nuestra historia que quedó documentado y misteriosamente olvidado en los sótanos del Santo Oficio durante casi tres siglos...  aLiteratura